000 00632nam a2200205 i 4500
001 95224
003 ES-MaACL
005 20231223063053.0
007 t|
008 050524s1919 sp ||||1| spa d
100 1 _aLuzuriaga, Lorenzo,
_d1889-1959
_974917
245 1 3 _aEl analfabetismo en España /
_cLorenzo Luzuriaga.
260 _aMadrid :
_bJ. Cosano,
_c1919.
300 _a78 p. ;
_c20.
500 _aPrecede al tít.: Museo Pedagógico Nacional.
650 4 _aAnalfabetismo-
_zEspaña.
_9135560
710 2 _aMuseo Pedagógico Nacional (España)
_95912
852 _aES-MaACL
_jF-4252
999 _c95224
_d95224